Central Library OPAC University of Rajshahi

Plutonia / (Record no. 22562)

MARC details
000 -LEADER
fixed length control field 00867cam a2200265 a 4500
001 - CONTROL NUMBER
control field 22562
003 - CONTROL NUMBER IDENTIFIER
rucl marc code BD-RjUL
005 - DATE AND TIME OF LATEST TRANSACTION
control field 20211209000824.0
008 - FIXED-LENGTH DATA ELEMENTS--GENERAL INFORMATION
fixed length control field 140308s1957 ru 000 1 eng
020 ## - INTERNATIONAL STANDARD BOOK NUMBER
International Standard Book Number 5050016916
035 ## - SYSTEM CONTROL NUMBER
System control number (BD-RjUL)22627
040 ## - CATALOGING SOURCE
Original cataloging agency DLC
Transcribing agency DLC
Modifying agency BD-RjUL
Language of cataloging eng
041 1# - LANGUAGE CODE
Language code of text/sound track or separate title engrus
082 ## - DEWEY DECIMAL CLASSIFICATION NUMBER
Classification number 891.73
Author mark and year OBP 1957
100 1# - MAIN ENTRY--PERSONAL NAME
Personal name Obruchev, V. A.
Fuller form of name (Vladimir Afanasʹevich),
Dates associated with a name 1863-1956.
9 (RLIN) 69639
245 10 - TITLE STATEMENT
Title Plutonia /
Statement of responsibility, etc. Vladimir Obruchev ; translated by Fainna Solasko.
260 ## - PUBLICATION, DISTRIBUTION, ETC. (IMPRINT)
Place of publication, distribution, etc. Moscow :
Name of publisher, distributor, etc. Raduga Publishers ;
Place of publication, distribution, etc. Chicago, Ill. :
Name of publisher, distributor, etc. Imported by Imported Publications, Inc.,
Date of publication, distribution, etc. 1957
300 ## - PHYSICAL DESCRIPTION
Pagination 405 p. :
Size 17 cm.
500 ## - GENERAL NOTE
General note Translation of: Plutonii︠a︡.
General note Importer from label on cover.
942 ## - ADDED ENTRY ELEMENTS (KOHA)
Source of classification or shelving scheme Dewey Decimal Classification
Koha item type Books
Holdings
Lost status Source of classification or shelving scheme Damaged status Not for loan Collection code Permanent Location Current Location Shelving location Date acquired Source of acquisition Total Checkouts Full call number Date last seen Copy number Koha item type
  Dewey Decimal Classification   Added to bundle Non-fiction Central Library, University of Rajshahi Central Library, University of Rajshahi Reading Room 25/09/1958 U. S. Book Excange   891.73 OBP 1957 08/03/2014 C-1 Books